[Event "1. OEsterreichische Internet Schach Meisterschaft - Vorrunde 1"]
[Site "Online - Playchess.com"]
[Date ""]
[Round "8"]
[Board "44"]
[White "Missethan, Michael"]
[Black "Heinritz, Dietmar"]
[Result "1-0"]
[WhiteElo "2015"]
[BlackElo "1887"]
[PlyCount "81"]
[EventDate "2020.04.11"]
[EventRounds "9"]
[EventCountry "AUT"]

1. e4 c5 2. Nf3 Nc6 3. Bb5 Nd4 4. Nxd4 cxd4 5. O-O e6 6. Be2 b6 7. d3 Bb7 8.
Bf4 d5 9. Bf3 dxe4 10. Bxe4 Bxe4 11. dxe4 Nf6 12. Re1 Be7 13. Be5 O-O 14. Qxd4
Bc5 15. Qxd8 Rfxd8 16. Na3 Bxf2+ 17. Kxf2 Ng4+ 18. Kg3 Nxe5 19. Rad1 f6 20. Nb5
Nc4 21. b3 Ne3 22. Rxd8+ Rxd8 23. Rxe3 Rd2 24. Rc3 a6 25. Nc7 Kf7 26. Nxa6 h5
27. h3 g5 28. Nb4 Rd4 29. Rc4 h4+ 30. Kf3 Rd1 31. Rc7+ Kg6 32. a4 f5 33. exf5+
Kxf5 34. Rc6 b5 35. axb5 Ke5 36. b6 Rd8 37. b7 Rb8 38. Rc7 Kd6 39. Rg7 Kc5 40.
Na6+ Kb6 41. Nxb8 {Drachen 1 gibt auf}  1-0

[Event "1. OEsterreichische Internet Schach Meisterschaft - Vorrunde 1"]
[Site "Online - Playchess.com"]
[Date ""]
[Round "8"]
[Board "45"]
[White "Schneider-Zinner, Werner"]
[Black "Enne, Harald"]
[Result "1-0"]
[WhiteElo "1967"]
[BlackElo "1916"]
[PlyCount "145"]
[EventDate "2020.04.11"]
[EventRounds "9"]
[EventCountry "AUT"]

1. d4 d5 2. Nc3 Nf6 3. Nf3 Bf5 4. Bg5 e6 5. e3 h6 6. Bxf6 Qxf6 7. Ne5 c6 8. Bd3
Bd6 9. f4 Qh4+ 10. g3 Qh3 11. Bxf5 exf5 12. Qf3 O-O 13. O-O-O Na6 14. Ne2 Bxe5
15. fxe5 Qg4 16. Qxg4 fxg4 17. Rhf1 Rae8 18. Rf4 h5 19. Rdf1 c5 20. c3 Re6 21.
Rf5 g6 22. Rf6 Kg7 23. Rxe6 fxe6 24. Rxf8 Kxf8 25. Nf4 Kf7 26. Kd2 c4 27. Kc2
Nc7 28. b3 b5 29. a4 a6 30. axb5 axb5 31. Kb2 Kg7 32. Ka3 Kh6 33. bxc4 bxc4 34.
Kb4 g5 35. Ng2 h4 36. gxh4 gxh4 37. Nxh4 Kg5 38. Ng2 g3 39. hxg3 Kg4 40. Kc5
Kxg3 41. Nf4 Kf3 42. Kd6 Nb5+ 43. Kxe6 Nxc3 44. Nxd5 Nxd5 45. Kxd5 c3 46. e6 c2
47. e7 c1=Q 48. e8=Q Ke2 49. Qb5+ Kxe3 50. Qb3+ Kf4 51. Qb8+ Ke3 52. Qe5+ Kf2
53. Qf5+ Ke2 54. Qg4+ Kd3 55. Qe4+ Kc3 56. Qe5 Qa3 57. Ke4 Qc1 58. d5+ Kb4 59.
Qd4+ Kb5 60. d6 Qe1+ 61. Kd5 Qh1+ 62. Ke6 Qh6+ 63. Qf6 Qc1 64. Qe5+ Kb6 65. d7
Qc4+ 66. Qd5 Qg4+ 67. Kd6 Qg6+ 68. Qe6 Qd3+ 69. Ke7+ Kc7 70. Qe5+ Kc6 71. d8=Q
Qa3+ 72. Qed6+ Qxd6+ 73. Qxd6+ {HaraldE gibt auf}  1-0

[Event "1. OEsterreichische Internet Schach Meisterschaft - Vorrunde 1"]
[Site "Online - Playchess.com"]
[Date ""]
[Round "8"]
[Board "46"]
[White "Grafenberger, Dieter"]
[Black "Moerwald, Magdalena"]
[Result "0-1"]
[WhiteElo "1953"]
[BlackElo "1791"]
[PlyCount "118"]
[EventDate "2020.04.11"]
[EventRounds "9"]
[EventCountry "AUT"]

1. d4 d5 2. Bg5 f6 3. Bh4 Nd7 4. e3 e6 5. Bd3 Be7 6. Qh5+ Kf8 7. Nh3 Qe8 8. Qe2
c5 9. c3 c4 10. Bc2 b5 11. Nd2 b4 12. O-O bxc3 13. bxc3 Nb6 14. e4 Bb7 15. f4
dxe4 16. Nxe4 Nd5 17. Nhg5 Bc8 18. Qxc4 f5 19. Nc5 Bxg5 20. fxg5 Ne3 21. Qd3
Nxf1 22. Rxf1 Ne7 23. Bb3 Ng6 24. Bg3 Kf7 25. Rxf5+ Ke7 26. Rf1 Rf8 27. Re1 Nf4
28. Qc4 Kd8 29. Bxf4 Rxf4 30. Nxe6+ Bxe6 31. Rxe6 Qd7 32. Re5 Rc8 33. Qg8+ Kc7
34. Rc5+ Kb7 35. Bd5+ Kb8 36. Rxc8+ Qxc8 37. Qxg7 Qd7 38. Qe5+ Qc7 39. Qxc7+
Kxc7 40. g3 Rf5 41. Be4 Rxg5 42. Kg2 Ra5 43. Kf3 Rxa2 44. h4 h6 45. Ke3 Ra3 46.
Kd3 Kd6 47. g4 a5 48. g5 hxg5 49. hxg5 Ra1 50. g6 Rg1 51. c4 a4 52. c5+ Kc7 53.
Kc4 a3 54. d5 a2 55. d6+ Kd8 56. c6 a1=Q 57. c7+ Kd7 58. Bf5+ Kxd6 59. c8=Q
Rc1+ {Zeit}  0-1

[Event "1. OEsterreichische Internet Schach Meisterschaft - Vorrunde 1"]
[Site "Online - Playchess.com"]
[Date ""]
[Round "8"]
[Board "47"]
[White "Rotter, Harald"]
[Black "Fugger, Christian"]
[Result "1-0"]
[WhiteElo "1854"]
[BlackElo "1818"]
[PlyCount "101"]
[EventDate "2020.04.11"]
[EventRounds "9"]
[EventCountry "AUT"]

1. e4 c5 2. Nf3 d6 3. Bb5+ Bd7 4. a4 e6 5. c3 Nf6 6. d3 a6 7. Bxd7+ Nbxd7 8.
Bg5 Be7 9. O-O O-O 10. Re1 Qc7 11. d4 cxd4 12. cxd4 Rac8 13. Nc3 h6 14. Bh4
Rfd8 15. Qb3 e5 16. dxe5 dxe5 17. Rac1 Qb6 18. Qxb6 Nxb6 19. Nxe5 g5 20. Bg3
Bb4 21. Red1 Bxc3 22. Rxd8+ Rxd8 23. bxc3 Nxa4 24. f3 b5 25. c4 b4 26. c5 b3
27. c6 b2 28. Rb1 Ne8 29. Nc4 Rd4 30. Nxb2 Rb4 31. c7 Nxc7 32. Bxc7 Rxb2 33.
Rxb2 Nxb2 34. Kf2 f6 35. Ke2 Nc4 36. Kd3 Ne5+ 37. Bxe5 fxe5 38. Kc4 Kf7 39. Kb4
Kf6 40. g4 Kg6 41. h3 h5 42. Ka5 hxg4 43. fxg4 Kf6 44. Kxa6 Ke6 45. Kb6 Kd6 46.
Kb5 Ke6 47. Kc6 Kf6 48. Kd5 Ke7 49. Kxe5 Kf7 50. Kf5 Kg7 51. Kxg5 {Grizzzly
gibt auf}  1-0

[Event "1. OEsterreichische Internet Schach Meisterschaft - Vorrunde 1"]
[Site "Online - Playchess.com"]
[Date ""]
[Round "8"]
[Board "48"]
[White "Maister, Dieter"]
[Black "Stolzlechner, Andreas"]
[Result "1-0"]
[WhiteElo "1851"]
[BlackElo "1835"]
[PlyCount "71"]
[EventDate "2020.04.11"]
[EventRounds "9"]
[EventCountry "AUT"]

1. e4 e5 2. Nf3 Nc6 3. Bc4 Nf6 4. Ng5 d5 5. exd5 Na5 6. Bb5+ c6 7. dxc6 bxc6 8.
Qf3 Be7 9. Ba4 O-O 10. Nc3 Bb7 11. d3 c5 12. Qh3 h6 13. Nge4 Nxe4 14. Nxe4 Bxe4
15. dxe4 Qd4 16. Bb3 Qxe4+ 17. Be3 c4 18. Ba4 c3 19. b3 Qxc2 20. O-O Ba3 21.
Qg3 Qg6 22. Qxe5 Nb7 23. Qxc3 Rac8 24. Qd4 Bc5 25. Qd5 Bxe3 26. Qxb7 Bb6 27.
Qf3 Rc5 28. Rad1 Rf5 29. Qh3 Qf6 30. Rd2 Rc8 31. Bd7 Rxf2 32. Rdxf2 Bxf2+ 33.
Kh1 Rc2 34. Bf5 Rxa2 35. Bd3 Ra1 36. Qc8+ {Zeit}  1-0

[Event "1. OEsterreichische Internet Schach Meisterschaft - Vorrunde 1"]
[Site "Online - Playchess.com"]
[Date ""]
[Round "8"]
[Board "49"]
[White "Messner, Andreas"]
[Black "Doskocil, Klaus"]
[Result "1-0"]
[WhiteElo "1856"]
[BlackElo "2157"]
[PlyCount "85"]
[EventDate "2020.04.11"]
[EventRounds "9"]
[EventCountry "AUT"]

1. Nf3 g6 2. e4 Bg7 3. c3 c5 4. d4 cxd4 5. cxd4 d6 6. Nc3 Nf6 7. h3 O-O 8. Bc4
a6 9. O-O b5 10. Bd3 Bb7 11. Re1 Nbd7 12. a3 Rc8 13. Qe2 e5 14. d5 Nc5 15. Bc2
Nh5 16. g4 Nf4 17. Bxf4 exf4 18. Rac1 Nd7 19. Qd2 Ne5 20. Nxe5 dxe5 21. f3 Qh4
22. Qg2 Kh8 23. Re2 Rg8 24. Kh2 f5 25. Qf2 Qxf2+ 26. Rxf2 fxg4 27. hxg4 Bf6 28.
Bb3 Rgd8 29. Rfc2 Kg7 30. Na2 Kf8 31. Nb4 Rxc2+ 32. Rxc2 a5 33. Nc6 Bxc6 34.
dxc6 a4 35. Be6 Ke7 36. c7 Kxe6 37. cxd8=Q Bxd8 38. Rc5 b4 39. axb4 Be7 40. Rb5
Kd6 41. Rb7 Ke6 42. b5 Bc5 43. Rxh7 {Zeit}  1-0

[Event "1. OEsterreichische Internet Schach Meisterschaft - Vorrunde 1"]
[Site "Online - Playchess.com"]
[Date ""]
[Round "8"]
[Board "50"]
[White "Weichhart, Daniel"]
[Black "Hofer, Maximilian"]
[Result "0-1"]
[WhiteElo "1648"]
[BlackElo "2108"]
[PlyCount "48"]
[EventDate "2020.04.11"]
[EventRounds "9"]
[EventCountry "AUT"]

1. e4 e5 2. Nf3 Nc6 3. Bb5 a6 4. Ba4 Nf6 5. d3 b5 6. Bb3 Be7 7. O-O O-O 8. h3
d5 9. exd5 Nxd5 10. Re1 Bf6 11. a4 b4 12. Nbd2 a5 13. Nc4 Re8 14. Bd2 g6 15.
Ne3 Nf4 16. Nc4 Bb7 17. Qc1 Nd4 18. Nxd4 Qxd4 19. Be3 Qd5 20. f3 Nxg2 21. Nd2
Qd8 22. Kxg2 Bh4 23. Rg1 Qd7 24. Ne4 Kh8 {Zeit}  0-1

[Event "1. OEsterreichische Internet Schach Meisterschaft - Vorrunde 1"]
[Site "Online - Playchess.com"]
[Date ""]
[Round "8"]
[Board "51"]
[White "Griessnig, Thomas"]
[Black "Wiedermann, Daniel"]
[Result "1-0"]
[WhiteElo "1895"]
[BlackElo "2048"]
[PlyCount "63"]
[EventDate "2020.04.11"]
[EventRounds "9"]
[EventCountry "AUT"]

1. d4 Nf6 2. Nf3 g6 3. g3 Bg7 4. Bg2 O-O 5. O-O d6 6. b3 e5 7. dxe5 Ng4 8. Bb2
Nc6 9. Nbd2 Re8 10. h3 Ngxe5 11. Nxe5 Nxe5 12. Qc1 Bd7 13. c4 Bc6 14. Nf3 Bxf3
15. Bxf3 Nxf3+ 16. exf3 Qd7 17. Bxg7 Kxg7 18. Qc3+ f6 19. Kg2 Re5 20. Rfe1 Rae8
21. Rxe5 Rxe5 22. Re1 b6 23. Rxe5 dxe5 24. c5 Qc6 25. b4 bxc5 26. bxc5 Qd5 27.
Qa3 Qb7 28. Qa4 c6 29. Qa5 f5 30. Qc3 Qe7 31. f4 Kf6 32. g4 {Zeit}  1-0

[Event "1. OEsterreichische Internet Schach Meisterschaft - Vorrunde 1"]
[Site "Online - Playchess.com"]
[Date ""]
[Round "8"]
[Board "52"]
[White "Leaua, Cristinel-Costel"]
[Black "Streiter, Gerhard"]
[Result "1-0"]
[WhiteElo "2045"]
[BlackElo "1964"]
[PlyCount "113"]
[EventDate "2020.04.11"]
[EventRounds "9"]
[EventCountry "AUT"]

1. e4 c5 2. Nf3 d6 3. d4 cxd4 4. Nxd4 Nf6 5. Nc3 g6 6. Bc4 Bg7 7. O-O O-O 8.
Bg5 Nc6 9. Nxc6 bxc6 10. Qd2 Rb8 11. Bh6 Rxb2 12. Bxg7 Kxg7 13. Bb3 Qa5 14.
Rfe1 Be6 15. h3 c5 16. Qe3 c4 17. Na4 cxb3 18. Nxb2 bxa2 19. c4 Rb8 20. Qe2 Qc3
21. Rxa2 a5 22. Rea1 a4 23. Nxa4 Qxc4 24. Qxc4 Bxc4 25. Rb2 Rd8 26. Rb4 d5 27.
exd5 Bxd5 28. Rd1 e6 29. Nb6 Rd6 30. Nxd5 Nxd5 31. Rb7 h5 32. Rd4 Kf6 33. f4
Ra6 34. Rc4 Ra2 35. g4 hxg4 36. hxg4 Ra1+ 37. Kh2 Rf1 38. g5+ Kg7 39. Kg3 Rg1+
40. Kf2 Ra1 41. Rd4 Ra2+ 42. Kg3 Ra3+ 43. Kh4 Ra1 44. Rc4 Rh1+ 45. Kg3 Rg1+ 46.
Kf2 Ra1 47. Rb8 Ra2+ 48. Kg3 Ra3+ 49. Kh4 Ra1 50. Rcc8 Ne7 51. Re8 Ra7 52. Ra8
Rb7 53. Rh8 Rc7 54. Kg4 Rd7 55. Rh1 Rc7 56. Rah8 Rd7 57. R1h7#  1-0

[Event "1. OEsterreichische Internet Schach Meisterschaft - Vorrunde 1"]
[Site "Online - Playchess.com"]
[Date ""]
[Round "8"]
[Board "53"]
[White "Kienboeck, Benjamin"]
[Black "Kubik, Gerhard"]
[Result "0-1"]
[WhiteElo "1922"]
[BlackElo "1985"]
[PlyCount "130"]
[EventDate "2020.04.11"]
[EventRounds "9"]
[EventCountry "AUT"]

1. e4 g6 2. d4 Bg7 3. Nc3 c5 4. dxc5 Bxc3+ 5. bxc3 Nf6 6. e5 Ne4 7. Qd4 Qa5 8.
Bd2 Nxc5 9. e6 O-O 10. exf7+ Rxf7 11. Bc4 e6 12. Nf3 Nc6 13. Qe3 d5 14. Bb3 Ne4
15. O-O Nxd2 16. Qxd2 Bd7 17. Rad1 Raf8 18. c4 Qxd2 19. Rxd2 Rxf3 20. gxf3 Ne5
21. cxd5 Nxf3+ 22. Kg2 Nxd2 23. dxe6 Nxb3 24. exd7 Nc5 25. Rd1 Rd8 26. Rd5 Nxd7
27. c4 Kf7 28. h4 Ke7 29. Ra5 a6 30. h5 Nb6 31. c5 Nc4 32. Ra4 Ne5 33. f4 Nd3
34. hxg6 hxg6 35. Rc4 Rc8 36. Re4+ Kf6 37. Rd4 Nxc5 38. Kf3 Ne6 39. Rd7 b5 40.
Rd6 a5 41. Ra6 a4 42. Kg4 Rc2 43. a3 Ra2 44. Rb6 Rxa3 45. Rxb5 Ra1 46. Ra5 a3
47. f5 a2 48. fxe6 Rg1+ 49. Kh3 a1=Q 50. Rxa1 Rxa1 51. e7 Kxe7 52. Kg4 Kf6 53.
Kf4 Ra4+ 54. Kg3 Kf5 55. Kf3 Ra3+ 56. Ke2 Ke4 57. Kd2 g5 58. Kc2 Rd3 59. Kb2
Kd4 60. Kc2 Kc4 61. Kb2 Rc3 62. Ka2 Rb3 63. Ka1 Kc3 64. Ka2 Kc2 65. Ka1 Ra3#
 0-1

[Event "1. OEsterreichische Internet Schach Meisterschaft - Vorrunde 1"]
[Site "Online - Playchess.com"]
[Date ""]
[Round "8"]
[Board "55"]
[White "Kessler, Manuel"]
[Black "Huber, Guenther"]
[Result "0-1"]
[WhiteElo "1731"]
[BlackElo "1979"]
[PlyCount "60"]
[EventDate "2020.04.11"]
[EventRounds "9"]
[EventCountry "AUT"]

1. e4 e6 2. c4 b6 3. Nc3 Bb7 4. d4 Bb4 5. Bd3 f5 6. d5 fxe4 7. Bxe4 Qh4 8. Bd3
exd5 9. Nf3 Qe7+ 10. Be3 Nf6 11. O-O Bxc3 12. bxc3 O-O 13. cxd5 Bxd5 14. Bd4 c5
15. Re1 Be6 16. Be5 Nc6 17. Bxf6 Qxf6 18. Qc2 g6 19. h4 Bd5 20. Ng5 h6 21. Ne4
Qxh4 22. Nd6 Rf6 23. Bxg6 Rxd6 24. Bh7+ Kg7 25. Re3 Rf8 26. Rg3+ Kh8 27. Re1
Qf4 28. Kh1 Qxf2 29. Rg8+ Bxg8 30. Qxf2 Rxf2  0-1

[Event "1. OEsterreichische Internet Schach Meisterschaft - Vorrunde 1"]
[Site "Online - Playchess.com"]
[Date ""]
[Round "8"]
[Board "56"]
[White "Klinglmair, Guenter"]
[Black "Gallob, Marko"]
[Result "0-1"]
[WhiteElo "1483"]
[BlackElo "1961"]
[PlyCount "50"]
[EventDate "2020.04.11"]
[EventRounds "9"]
[EventCountry "AUT"]

1. Nf3 Nf6 2. g3 g6 3. Bg2 Bg7 4. O-O c5 5. Re1 O-O 6. d3 Nc6 7. Bg5 h6 8. Bxf6
Bxf6 9. c3 d5 10. Nbd2 e6 11. e4 Re8 12. e5 Bg7 13. Qc2 d4 14. cxd4 cxd4 15.
Nb3 Qb6 16. Rac1 Bd7 17. Qc4 Rac8 18. Qc5 Qa6 19. Nfxd4 Nxe5 20. Qa5 Qxa5 21.
Nxa5 b6 22. Nab3 Nxd3 23. Rxc8 Rxc8 24. Rd1 Nxb2 25. Bb7 Nxd1 {Snailien gibt
auf}  0-1

[Event "1. OEsterreichische Internet Schach Meisterschaft - Vorrunde 1"]
[Site "Online - Playchess.com"]
[Date ""]
[Round "8"]
[Board "57"]
[White "Huliak, Peter"]
[Black "Kipman, Felix"]
[Result "1-0"]
[WhiteElo "1958"]
[BlackElo "1576"]
[PlyCount "51"]
[EventDate "2020.04.11"]
[EventRounds "9"]
[EventCountry "AUT"]

1. e4 c6 2. Nc3 d5 3. d4 Nf6 4. exd5 cxd5 5. Nf3 Nc6 6. Bd3 e6 7. O-O Bd6 8.
Ne2 e5 9. dxe5 Nxe5 10. Nf4 O-O 11. h3 Qb6 12. b3 h6 13. Bb2 Nxd3 14. Nxd3 Bf5
15. Re1 Rfe8 16. Bxf6 gxf6 17. Qd2 Kh7 18. Nf4 Be6 19. Nxd5 Bxd5 20. Qxd5 Qd8
21. Qxf7+ Kh8 22. Nh4 Rg8 23. Ng6+ Rxg6 24. Qxg6 Qf8 25. Rad1 Bb4 26. Re6 {Zeit
}  1-0

[Event "1. OEsterreichische Internet Schach Meisterschaft - Vorrunde 1"]
[Site "Online - Playchess.com"]
[Date ""]
[Round "8"]
[Board "58"]
[White "Friedl, Markus"]
[Black "Katter, Katharina"]
[Result "0-1"]
[WhiteElo "1857"]
[BlackElo "1930"]
[PlyCount "80"]
[EventDate "2020.04.11"]
[EventRounds "9"]
[EventCountry "AUT"]

1. e4 e5 2. Nf3 Nc6 3. Bc4 Bc5 4. d3 Nf6 5. O-O O-O 6. Bg5 h6 7. Bh4 Be7 8. Nc3
d6 9. h3 Na5 10. Bb3 Nxb3 11. axb3 c6 12. Nd2 Be6 13. f4 exf4 14. Bxf6 Bxf6 15.
Rxf4 Be5 16. Rf3 Qg5 17. Nc4 Bd4+ 18. Kh1 d5 19. exd5 cxd5 20. Nd2 Be3 21. Nf1
Bf4 22. Ne2 Bc7 23. Nd4 Bd7 24. Nd2 Qe5 25. Qg1 Bb6 26. c3 Rae8 27. Rff1 Qg3
28. Rf3 Qe5 29. Rff1 Bc7 30. Rae1 Qh5 31. Rxe8 Rxe8 32. Rf3 Qg5 33. Nf1 Re1 34.
Qf2 Qe5 35. Qg1 Bb6 36. Qf2 Bc7 37. Qg1 f5 38. b4 g5 39. Re3 Rxf1 40. Qxf1 Qh2#
 0-1

[Event "1. OEsterreichische Internet Schach Meisterschaft - Vorrunde 1"]
[Site "Online - Playchess.com"]
[Date ""]
[Round "8"]
[Board "59"]
[White "Galler, Alexander"]
[Black "Rosol, Philip"]
[Result "0-1"]
[WhiteElo "1772"]
[BlackElo "1468"]
[PlyCount "88"]
[EventDate "2020.04.11"]
[EventRounds "9"]
[EventCountry "AUT"]

1. e4 d6 2. Nc3 Nf6 3. f4 e5 4. f5 Be7 5. Nf3 c6 6. d3 Qc7 7. Be2 Nbd7 8. O-O
a5 9. a4 O-O 10. b3 h6 11. Ba3 Re8 12. h3 d5 13. Bxe7 Rxe7 14. Rc1 d4 15. Nb1
b5 16. axb5 cxb5 17. Nbd2 a4 18. b4 Qc3 19. Rb1 a3 20. Ra1 Qxb4 21. Nb3 Nc5 22.
Nfd2 Nxb3 23. Nxb3 Qc3 24. Qc1 b4 25. Qd2 Rc7 26. Qxc3 Rxc3 27. Bd1 Bd7 28. g4
Rac8 29. Ra2 Ba4 30. Rf2 Bxb3 31. cxb3 Rxd3 32. Bc2 Rxh3 33. Kg2 Re3 34. Rf3
Nxg4 35. Kg3 Rxf3+ 36. Kxf3 Ne3 37. Bd3 Rc3 38. Ke2 Rxb3 39. Kd2 Rb2+ 40. Rxb2
axb2 41. Bb1 h5 42. Ke2 b3 43. Kf3 Nc2 44. Kg3 Na3 {Chessalex gibt auf}  0-1

[Event "1. OEsterreichische Internet Schach Meisterschaft - Vorrunde 1"]
[Site "Online - Playchess.com"]
[Date ""]
[Round "8"]
[Board "61"]
[White "Lammer, Michael"]
[Black "Steirer, Gerhard"]
[Result "0-1"]
[WhiteElo "1499"]
[BlackElo "1854"]
[PlyCount "70"]
[EventDate "2020.04.11"]
[EventRounds "9"]
[EventCountry "AUT"]

1. e4 c5 2. Bc4 e6 3. Nc3 Nc6 4. Nf3 g6 5. O-O Bg7 6. d3 Nge7 7. Be3 b6 8. Nb5
O-O 9. Nd6 Qc7 10. Nxc8 Raxc8 11. c3 d5 12. exd5 exd5 13. Ba6 Rcd8 14. g3 Nf5
15. Bf4 Qe7 16. Re1 Qf6 17. Bg5 Qd6 18. Bxd8 Nxd8 19. Re2 Ne6 20. Qd2 Nc7 21.
Bb7 Rb8 22. Bxd5 Nxd5 23. Rae1 h6 24. Re8+ Rxe8 25. Rxe8+ Kh7 26. d4 Nf6 27.
Ra8 Qc6 28. Rxa7 Qxf3 29. Rxf7 Ne4 30. Qe3 Qd1+ 31. Kg2 Nxe3+ 32. fxe3 Qe2+ 33.
Kh3 Ng5+ 34. Kh4 Nxf7 35. d5 Qh5#  0-1

[Event "1. OEsterreichische Internet Schach Meisterschaft - Vorrunde 1"]
[Site "Online - Playchess.com"]
[Date ""]
[Round "8"]
[Board "62"]
[White "Buchner, Martin"]
[Black "Pernerstorfer, Markus"]
[Result "0-1"]
[WhiteElo "2055"]
[BlackElo "1582"]
[PlyCount "72"]
[EventDate "2020.04.11"]
[EventRounds "9"]
[EventCountry "AUT"]

1. d4 Nf6 2. Nf3 g6 3. e3 Bg7 4. Bd3 O-O 5. b3 d6 6. Bb2 c6 7. Nbd2 Nbd7 8. O-O
Qc7 9. c4 a5 10. a4 e5 11. Qc2 Re8 12. e4 exd4 13. Nxd4 Nc5 14. f3 Nxd3 15.
Qxd3 Nd7 16. Bc3 Nc5 17. Qc2 Bd7 18. Ne2 Qb6 19. Bxg7 Kxg7 20. Qc3+ Kg8 21. Kh1
Rad8 22. Rad1 f5 23. Ng3 Rf8 24. Rfe1 Bc8 25. exf5 Bxf5 26. Nxf5 Rxf5 27. Rb1
Qc7 28. Ne4 Nxe4 29. Rxe4 d5 30. Rd4 Rh5 31. h3 Re5 32. Rbd1 Rde8 33. Kg1 Re2
34. R4d2 Qg3 35. Rxe2 Rxe2 36. Qd3 Qxg2#  0-1

[Event "1. OEsterreichische Internet Schach Meisterschaft - Vorrunde 1"]
[Site "Online - Playchess.com"]
[Date ""]
[Round "8"]
[Board "63"]
[White "Guba, Viktor"]
[Black "Teuschler, Hugo"]
[Result "0-1"]
[WhiteElo "1401"]
[BlackElo "2055"]
[PlyCount "104"]
[EventDate "2020.04.11"]
[EventRounds "9"]
[EventCountry "AUT"]

1. e4 c5 2. Nf3 d6 3. d4 cxd4 4. Nxd4 Nf6 5. Nc3 a6 6. Bc4 e6 7. Bb3 Nbd7 8.
O-O Nc5 9. Re1 Be7 10. Bc4 b5 11. Bd3 Bb7 12. f3 O-O 13. Bf1 Rc8 14. Nce2 h6
15. Be3 Na4 16. b3 Nc3 17. Nxc3 Rxc3 18. Qd2 Qc8 19. a4 b4 20. Bd3 d5 21. Ne2
Rc7 22. exd5 exd5 23. Ng3 Bc5 24. Bxc5 Rxc5 25. Bf5 Qc7 26. Bd3 Bc8 27. Qxb4
Be6 28. Qd2 Rd8 29. b4 Rc3 30. b5 axb5 31. axb5 d4 32. Reb1 Nd5 33. Ne4 Qb6 34.
Ra6 Qb8 35. b6 Rc6 36. Qa5 Nc3 37. Nxc3 dxc3 38. Ra7 Qf4 39. b7 Qe3+ 40. Kh1
Rxd3 41. b8=Q+ Kh7 42. cxd3 c2 43. Rg1 Qxg1+ 44. Kxg1 c1=Q+ 45. Kf2 Rc2+ 46.
Kg3 Qe1+ 47. Kf4 g5+ 48. Qxg5 hxg5+ 49. Kxg5 Rxg2+ 50. Kf6 Qc3+ 51. Ke7 Qc5+
52. Ke8 Rg8#  0-1

[Event "1. OEsterreichische Internet Schach Meisterschaft - Vorrunde 1"]
[Site "Online - Playchess.com"]
[Date ""]
[Round "8"]
[Board "65"]
[White "Chen, Qingxia"]
[Black "Schein, Alexander"]
[Result "0-1"]
[WhiteElo "1776"]
[BlackElo "1631"]
[PlyCount "56"]
[EventDate "2020.04.11"]
[EventRounds "9"]
[EventCountry "AUT"]

1. e4 d5 2. exd5 Nf6 3. d4 Nxd5 4. Nf3 Bg4 5. h3 Bh5 6. Nbd2 Nc6 7. c3 e5 8.
Qa4 exd4 9. Nxd4 Qe7+ 10. Be2 Nf4 11. g4 Nxe2 12. Nxe2 Bg6 13. Nf3 Be4 14. O-O
Bxf3 15. Nd4 Bd5 16. Bf4 O-O-O 17. Rfe1 Qh4 18. Re3 Kb8 19. Rae1 Bc5 20. Bg3
Qh6 21. Nxc6+ Bxc6 22. Qa5 Bxe3 23. Rxe3 b6 24. Qe5 Qd6 25. Qg5 Qd1+ 26. Kh2 g6
27. f3 Qd2+ 28. Kg1 Qc1+ {Zeit}  0-1

[Event "1. OEsterreichische Internet Schach Meisterschaft - Vorrunde 1"]
[Site "Online - Playchess.com"]
[Date ""]
[Round "8"]
[Board "66"]
[White "Schein, Leopold"]
[Black "Moerwald, Miriam"]
[Result "1-0"]
[WhiteElo "1584"]
[BlackElo "1760"]
[PlyCount "147"]
[EventDate "2020.04.11"]
[EventRounds "9"]
[EventCountry "AUT"]

1. d4 d5 2. Nf3 Nf6 3. g3 e6 4. Bg2 Be7 5. O-O O-O 6. c4 c6 7. Qc2 b6 8. Be3
Nbd7 9. Nbd2 Bb7 10. a3 Rc8 11. b4 Ng4 12. Bf4 c5 13. dxc5 bxc5 14. Qa4 Bc6 15.
Qb3 Ngf6 16. cxd5 Nxd5 17. Be3 cxb4 18. axb4 Bxb4 19. Rxa7 Nxe3 20. Qxe3 Bc5
21. Rxd7 Bxd7 22. Qb3 Rb8 23. Qc4 Qc7 24. Kh1 Rfc8 25. Qh4 Bb4 26. Ne4 Bc6 27.
Nd4 Bxe4 28. Bxe4 g6 29. Nf3 Qc4 30. Ng5 h5 31. Bd3 Qxh4 32. gxh4 Be7 33. Nf3
Rb2 34. Ra1 Rb7 35. Ba6 Ra7 36. Bxc8 Rxa1+ 37. Kg2 Ra2 38. Bd7 Bd6 39. Bb5 Rb2
40. Bd3 Rb3 41. Nd4 Rb2 42. Kf3 Bc5 43. Nc6 Rb6 44. Ne5 Bd4 45. Nc4 Rc6 46. Ne3
Bxe3 47. Kxe3 Rc3 48. Kd4 Rc8 49. Ke5 Kg7 50. f4 Rc5+ 51. Kd4 Rc8 52. Ke3 Rc5
53. Kd4 Ra5 54. Ke3 Ra4 55. Kf3 Kf6 56. h3 e5 57. fxe5+ Kxe5 58. Kg3 f5 59. Kf3
Rxh4 60. Kg3 Ra4 61. Bb5 Ra3+ 62. Kg2 Kf4 63. Be8 g5 64. Bxh5 Ra2 65. Bf3 Ke3
66. Kg3 Ra1 67. h4 Rg1+ 68. Kh2 Ra1 69. hxg5 Ra8 70. Bxa8 Kxe2 71. g6 f4 72. g7
f3 73. Bxf3+ Kxf3 74. g8=Q {Miriamk gibt auf}  1-0

[Event "1. OEsterreichische Internet Schach Meisterschaft - Vorrunde 1"]
[Site "Online - Playchess.com"]
[Date ""]
[Round "8"]
[Board "67"]
[White "Ussar, Reinhard"]
[Black "Janes, Christian"]
[Result "1-0"]
[WhiteElo "1676"]
[BlackElo "1740"]
[PlyCount "73"]
[EventDate "2020.04.11"]
[EventRounds "9"]
[EventCountry "AUT"]

1. e4 e5 2. Nf3 Nc6 3. d4 exd4 4. Nxd4 Nxd4 5. Qxd4 d6 6. Nc3 Nf6 7. Bg5 Be7 8.
O-O-O O-O 9. h4 c5 10. Qd2 Be6 11. a3 Qc7 12. f4 a6 13. Bxf6 Bxf6 14. Qxd6 Qc8
15. e5 Rd8 16. Qb6 Be7 17. Be2 Rxd1+ 18. Rxd1 g6 19. h5 Bf5 20. Nd5 Bd8 21.
Nf6+ Bxf6 22. Qxf6 Qe6 23. Qg5 Qa2 24. Bd3 Bxd3 25. Rxd3 Qa1+ 26. Kd2 Qxb2 27.
h6 Qb6 28. Rd6 Qa5+ 29. c3 Qc7 30. Qf6 Kf8 31. Qg7+ Ke7 32. Qf6+ Kf8 33. Qh8+
Ke7 34. Qxa8 f6 35. Qg8 fxe5 36. Qe6+ Kf8 37. Rd7  1-0

[Event "1. OEsterreichische Internet Schach Meisterschaft - Vorrunde 1"]
[Site "Online - Playchess.com"]
[Date ""]
[Round "8"]
[Board "68"]
[White "Gugler, Giorgio"]
[Black "Thummer, Philipp"]
[Result "1-0"]
[WhiteElo "1405"]
[BlackElo "1207"]
[PlyCount "73"]
[EventDate "2020.04.11"]
[EventRounds "9"]
[EventCountry "AUT"]

1. e4 d6 2. Bc4 e6 3. f4 c5 4. Nf3 Nc6 5. a3 a6 6. d3 b5 7. Ba2 g6 8. O-O Bg7
9. Ng5 h6 10. Nxf7 Kxf7 11. f5 d5 12. fxg6+ Kxg6 13. exd5 Bd4+ 14. Kh1 exd5 15.
Qf3 Be6 16. c3 Bf6 17. Nd2 Ne5 18. Qg3+ Kh7 19. Ne4 Bg5 20. Nxg5+ hxg5 21. Qxe5
Qd7 22. Bxg5 Ne7 23. Bf6 Rhf8 24. Qh5+ Kg8 25. Qh8+ Kf7 26. Bg7+ Bf5 27. Bxf8
Rxf8 28. Qh5+ Kg7 29. Rae1 Ng6 30. Qf3 Be6 31. Qe3 Re8 32. d4 c4 33. Bb1 Bf5
34. Qxe8 Qxe8 35. Rxe8 Be4 36. Bxe4 dxe4 37. Rxe4  1-0

[Event "1. OEsterreichische Internet Schach Meisterschaft - Vorrunde 1"]
[Site "Online - Playchess.com"]
[Date ""]
[Round "8"]
[Board "70"]
[White "Schwabeneder, Alois"]
[Black "Kanzian, Heinz"]
[Result "1-0"]
[WhiteElo "2004"]
[BlackElo "1642"]
[PlyCount "53"]
[EventDate "2020.04.11"]
[EventRounds "9"]
[EventCountry "AUT"]

1. e4 e5 2. Nf3 d6 3. Bc4 Be7 4. O-O Nf6 5. d3 O-O 6. h3 c6 7. Be3 a6 8. a4 Be6
9. Bxe6 fxe6 10. Nc3 Qc7 11. a5 d5 12. Bb6 Qd7 13. Nxe5 Qd6 14. Ng4 Nxg4 15.
Qxg4 d4 16. Ne2 e5 17. f4 Nd7 18. fxe5 Nxe5 19. Qg3 c5 20. Nf4 Bg5 21. Nd5 Be3+
22. Kh2 Rxf1 23. Rxf1 Nf3+ 24. Rxf3 Bg1+ 25. Kxg1 Qxg3 26. Rxg3 Rf8 27. Bxc5 {
HeinzK gibt auf}  1-0